Digital telephony (Record no. 3592)

000 -LEADER
fixed length control field 00571nam a2200217 a 4500
001 - CONTROL NUMBER
control field 3592
003 - CONTROL NUMBER IDENTIFIER
control field BD-DhUET
008 - FIXED-LENGTH DATA ELEMENTS--GENERAL INFORMATION
fixed length control field 900501s1991 nyua b 001 0 eng
020 ## - INTERNATIONAL STANDARD BOOK NUMBER
International Standard Book Number 0471620564
040 ## - CATALOGING SOURCE
Original cataloging agency DLC
Transcribing agency DLC
Modifying agency BD-DhUET
082 ## - DEWEY DECIMAL CLASSIFICATION NUMBER
Classification number 623.85
Item number BEL/1991
100 ## - MAIN ENTRY--PERSONAL NAME
Personal name Bellamy, John
245 10 - TITLE STATEMENT
Title Digital telephony
250 ## - EDITION STATEMENT
Edition statement 2nd ed.
260 ## - PUBLICATION, DISTRIBUTION, ETC. (IMPRINT)
Place of publication, distribution, etc. New York
Name of publisher, distributor, etc. John wiley & sons
Date of publication, distribution, etc. 1991
300 ## - PHYSICAL DESCRIPTION
Extent xix, 572 p.
Other physical details ill.
Dimensions 25 cm.
490 ## - SERIES STATEMENT
Series statement Wiley Series in telecommunications
504 ## - BIBLIOGRAPHY, ETC. NOTE
Bibliography, etc Includes bibliographies
650 #0 - SUBJECT ADDED ENTRY--TOPICAL TERM
Topical term or geographic name as entry element Digital telephony
942 ## - ADDED ENTRY ELEMENTS (KOHA)
Koha item type General Book
Holdings
Koha date last borrowed Koha full call number Not for loan Copy number Price effective from Piece designation (barcode) Shelving location Koha issues (times borrowed) Koha date last seen Date acquired Lost status Withdrawn status Sublocation or collection (holding branch) Source of classification or shelving scheme Damaged status Koha normalized classification for sorting Location (home branch) Koha item type
2015-10-10623.85/BEL/1991 12014-11-0283618Circulation section22016-02-062014-11-02  Central Library, BUET  623_000000000000000_85BEL1991Central Library, BUETGeneral Book
 623.85/BEL/1991 22014-11-0283620Circulation section 2017-08-262014-11-02  Central Library, BUET  623_000000000000000_85BEL1991Central Library, BUETGeneral Book
 623.85/BEL/1991 32014-11-0283623Circulation section 2017-08-162014-11-02  Central Library, BUET  623_000000000000000_85BEL1991Central Library, BUETGeneral Book
2023-03-07623.85/BEL/1991 42014-11-0286339Circulation section22024-02-202014-11-02  Central Library, BUET  623_850000000000000_BEL_1991Central Library, BUETGeneral Book
 623.85/BEL/1991 52015-07-0187594Reading section 2015-07-012015-07-01  Central Library, BUET  623_850000000000000_BEL_1991Central Library, BUETReading Item
 623.85 BEL/1991 ক-১2024-12-0983563Rental section 2024-12-091992-06-06  Central Library, BUET  623_850000000000000_BEL_1991Central Library, BUETRental Item
 623.85 BEL/1991 ক-২2024-12-0983564Rental section 2024-12-091992-06-06  Central Library, BUET  623_850000000000000_BEL_1991Central Library, BUETRental Item
 623.85 BEL/1991 ক-৩2024-12-0983565Rental section 2024-12-091992-06-06  Central Library, BUET  623_850000000000000_BEL_1991Central Library, BUETRental Item
 623.85 BEL/1991 ক-৪2024-12-0983566Rental section 2024-12-091992-06-06  Central Library, BUET  623_850000000000000_BEL_1991Central Library, BUETRental Item
 623.85 BEL/1991 ক-৫2024-12-0983567Rental section 2024-12-091992-06-06  Central Library, BUET  623_850000000000000_BEL_1991Central Library, BUETRental Item
 623.85 BEL/1991 ক-৬2024-12-0983568Rental section 2024-12-091992-06-06  Central Library, BUET  623_850000000000000_BEL_1991Central Library, BUETRental Item
 623.85 BEL/1991 ক-৭2024-12-0983569Rental section 2024-12-091992-06-06  Central Library, BUET  623_850000000000000_BEL_1991Central Library, BUETRental Item
 623.85 BEL/1991 ক-৮2024-12-0983570Rental section 2024-12-091992-06-06  Central Library, BUET  623_850000000000000_BEL_1991Central Library, BUETRental Item
 623.85 BEL/1991 ক-৯2024-12-0983571Rental section 2024-12-091992-06-06  Central Library, BUET  623_850000000000000_BEL_1991Central Library, BUETRental Item
 623.85 BEL/1991 ক-১০2024-12-0983572Rental section 2024-12-091992-06-06  Central Library, BUET  623_850000000000000_BEL_1991Central Library, BUETRental Item
 623.85 BEL/1991 ক-১১2024-12-0983573Rental section 2024-12-091992-06-06  Central Library, BUET  623_850000000000000_BEL_1991Central Library, BUETRental Item
 623.85 BEL/1991 ক-১২2024-12-0983574Rental section 2024-12-091992-06-06  Central Library, BUET  623_850000000000000_BEL_1991Central Library, BUETRental Item
 623.85 BEL/1991 ক-১৩2024-12-0983575Rental section 2024-12-091992-06-06  Central Library, BUET  623_850000000000000_BEL_1991Central Library, BUETRental Item
 623.85 BEL/1991 ক-১৪2024-12-0983576Rental section 2024-12-091992-06-06  Central Library, BUET  623_850000000000000_BEL_1991Central Library, BUETRental Item
 623.85 BEL/1991 ক-১৫2024-12-0983577Rental section 2024-12-091992-06-06  Central Library, BUET  623_850000000000000_BEL_1991Central Library, BUETRental Item